000 00551nam a2200181Ia 4500
008 090201s9999 xx 000 0 und d
010 _aKPL-72757
040 _bमराठी
041 _aमराठी
082 _a53183
_b72757
100 _aचंद्रकांत काकोडकर
245 _aअभिमान
_cचंद्रकांत काकोडकर
250 _a1
260 _c2007
_bसुकृत प्रकाशन
300 _a192
_bलहान
600 _aअभिमान
942 _cBOOK
999 _c249607
_d249607